|
|
|
|
| LEADER |
00000nam0a2200000 4500 |
| 001 |
283768 |
| 005 |
20231101235629.0 |
| 035 |
|
|
|a (RuTPU)RU\TPU\book\307897
|
| 090 |
|
|
|a 283768
|
| 100 |
|
|
|a 20150210d1984 m y0rusy50 ca
|
| 101 |
0 |
|
|a rus
|
| 102 |
|
|
|a RU
|
| 105 |
|
|
|a a j 001zy
|
| 200 |
1 |
|
|a Математический анализ
|e учебное пособие для вузов
|f В. Б. Уваров
|
| 210 |
|
|
|a Москва
|c Высшая школа
|d 1984
|
| 215 |
|
|
|a 288 с.
|c ил.
|
| 225 |
1 |
|
|a Учебное пособие для вузов
|
| 320 |
|
|
|a Предметный указатель: с. 284-288
|
| 606 |
1 |
|
|a Математический анализ
|2 stltpush
|3 (RuTPU)RU\TPU\subj\41236
|9 61042
|
| 610 |
1 |
|
|a вещественные числа
|
| 610 |
1 |
|
|a комплексные числа
|
| 610 |
1 |
|
|a последовательности
|
| 610 |
1 |
|
|a пределы
|
| 610 |
1 |
|
|a пределы функции
|
| 610 |
1 |
|
|a непрерывные функции
|
| 610 |
1 |
|
|a дифференциальное исчисление
|
| 610 |
1 |
|
|a интегральное исчисление
|
| 610 |
1 |
|
|a ряды
|
| 610 |
1 |
|
|a ряды Фурье
|
| 610 |
1 |
|
|a кратные интегралы
|
| 610 |
1 |
|
|a криволинейные интегралы
|
| 610 |
1 |
|
|a учебные пособия
|
| 675 |
|
|
|a 517(075.8)
|v 3
|
| 700 |
|
1 |
|a Уваров
|b В. Б.
|g Василий Борисович
|
| 801 |
|
1 |
|a RU
|b 63413507
|c 20150210
|
| 801 |
|
2 |
|a RU
|b 63413507
|c 20170127
|g RCR
|
| 942 |
|
|
|c BK
|